| 000 | 00524nam a22001697a 4500 | ||
|---|---|---|---|
| 003 | UA-OsUOA | ||
| 001 | 8397 | ||
| 007 | ta | ||
| 008 | 20040902b un ||||| |||| 00| 0 ukr d | ||
| 942 | _cSA | ||
| 040 |
_aUA-OsUOA _cUA-OsUOA _dUA-OsUOA |
||
| 245 | _aПро транспортно-експедиторську діяльність : Закон України від1 липня 2004 р. № 1955-4 | ||
| 300 | _aС.11-12 | ||
| 955 | _a0 | ||
| 773 | 0 |
_w0 _tУрядовий кур'єр _dКиїв _d2004 _gN163 |
|
| 650 | 7 | _2UDC | |
| 999 |
_c294558 _d294558 |
||